Govt. of
Madhya Pradesh

कर्मचारी चयन आयोग द्वारा आयोजित SSC- CGL (Record no. 67323)

MARC details
000 -LEADER
fixed length control field 00405nam a22001097a 4500
082 ## - DEWEY DECIMAL CLASSIFICATION NUMBER
Classification number 001
100 ## - MAIN ENTRY--AUTHOR NAME
Personal name प्रसाद ,एम
245 ## - TITLE STATEMENT
Title कर्मचारी चयन आयोग द्वारा आयोजित SSC- CGL
260 ## - PUBLICATION, DISTRIBUTION, ETC. (IMPRINT)
Place of publication प्रयागराज
Name of publisher ग्रीन वर्ल्ड
Year of publication 2024
650 ## - SUBJECT ADDED ENTRY--TOPICAL TERM
Topical Term सामान्य ज्ञान
942 ## - ADDED ENTRY ELEMENTS (KOHA)
Koha item type Competitive Books
Holdings
Withdrawn status Lost status Damaged status Not for loan Home library Current library Date acquired Cost, normal purchase price Full call number Accession Number Price effective from Koha item type
        MACL MACL 20/10/2024 175.00 001 DPI002624 20/10/2024 Competitive Books